01310cam a22003132 450000100060000000300080000600500170001400800410003103500190007204000370009104100080012808200220013624501550015826000430031330000340035649000300039050002000042050400200062065000360064065000450067665000340072170000240075570000280077970000190080771000210082671000780084771000410092583000300096613331BD-RjUL20211208235434.0140130t1964 enk 101 0 eng u a(BD-RjUL)13382 cFXGdOCLdEQOdBD-RjULaDLCbeng aeng04216a599bANI 196410aAnimal behaviour and drug action /ceditor for the Co-ordinating Committee: Hannah Steinberg ; editors for the Ciba: A.V.S. de Reuck and Julie Knight. aBoston :bLittle, Brown & com.,c1964. axiv, 491 p. :bill. ;c21 cm.1 aCiba Foundation symposium aCiba Foundation symposium held jointly with the Co-ordinating Committee for Symposia on Drug Action first at the Middlesex Hospital Medical School, then at the Ciba Foundation, March 25-28, 1963. aincludes index.10aPsychopharmacologyvCongresses. 0aDrugsxPhysiological effectvCongresses. 2aBehavior, AnimalvCongresses.1 aSteinberg, Hannah.,1 aDe Reuck, Anthony V. S.1 aKnight, Julie.2 aCiba Foundation.2 aBiological Council.bCo-ordinating Committee for Symposia on Drug Action.2 aMiddlesex Hospital.bMedical School. 0aCiba Foundation symposium